000 00364cam a2200145ua 4500
041 _aeng
_h
082 _a928.23
_bBEL/HG
100 _aBelgion, Montgomery .
245 _aH.G.Wells /
_cMontgomery Belgion.
_hTextual Documents
260 _aLondon :
_bLongmans, Green and co.Ltd ,
_c1964.
300 _a44 ; .
504 _a
942 _cBK
999 _c1277
_d1277